| 000 | 01467nam0a22002891 4500 | ||
|---|---|---|---|
| 001 | RU\NLR\INFOCOMM_223\5000023614 | ||
| 005 | 20250613090323.0 | ||
| 035 | _a(NLR Aleph) 009062424 | ||
| 090 |
_a7871921 _c7871921 |
||
| 100 | _a20081009d1983 |||y0rusy50 ca | ||
| 101 | 0 | _aeng | |
| 102 | _aRU | ||
| 105 | _ay z 000zy | ||
| 200 | 1 |
_aTo preserve peace for present and future generations _estatements and interviews by Y. V. Andropov, General Secretary of the Central Committee of the CPSU, Chairman of the Presidium of the Supreme Soviet of the USSR, August - November 1983 |
|
| 210 |
_aΜ. _c"Novosti" press agency publ. house _d1983 |
||
| 215 |
_a30 с. _d20 см |
||
| 300 | _aВ вып. дан.: Сохранить мир для нынешних и грядущих поколений : заявления и интервью, август - ноябрь 1983 г. / Ю. В. Андропов | ||
| 517 | 1 |
_aСохранить мир для нынешних и грядущих поколений _eзаявления и интервью, август - ноябрь 1983 г. |
|
| 606 |
_aБорьба за мир _yСССР _2nlr_sh1 |
||
| 686 |
_aТ3(2)73-601.1 _2rubbk |
||
| 700 | 1 |
_4070 _7ba _8rus _aAndropov _bJ. V. _cгос. и полит. деятель _f1914-1984 _gJurij Vladimirovič _9205897 _3RU\NLR\AUTH\770205949 |
|
| 801 | 1 |
_aRU _bNLR _c20081009 |
|
| 801 | 0 |
_aRU _bNLR _gPSBO |
|
| 852 |
_aNLR _jИр51 Д-4/406 |
||
| 942 | _cBOOK | ||
| 980 | _aNB | ||